| Tag |
First Indicator |
Second Indicator |
Subfields |
| LEADER |
00000cam a22000001a 4500 |
| 001 |
in00003276913 |
| 006 |
m d f |
| 007 |
cr bn mmmapmmp |
| 008 |
101011s1977 dcu ob f000 0 eng d |
| 005 |
20260429183402.4 |
| 035 |
|
|
|a cis2007810875
|
| 040 |
|
|
|a LexisNexis
|c LexisNexis
|d UtOrBLW
|
| 043 |
|
|
|a n-us---
|
| 074 |
|
|
|a 1005-C
|
| 086 |
0 |
|
|a Y 10.2:F 22/977
|
| 099 |
|
|
|a CMP-1977-CBO-0052
|
| 110 |
1 |
|
|a United States.
|b Congressional Budget Office.
|
| 245 |
1 |
0 |
|a 1977 farm legislation :
|b an analysis of congressional and administration proposals.
|
| 264 |
|
2 |
|a Washington :
|b Congress of the United States, Congressional Budget Office : for sale by the Supt. of Docs., U.S. Govt. Print. Off,
|c 1977.
|
| 300 |
|
|
|a 1 online resource.
|
| 336 |
|
|
|a text
|b txt
|2 rdacontent
|
| 337 |
|
|
|a computer
|b c
|2 rdamedia
|
| 338 |
|
|
|a online resource
|b cr
|2 rdacarrier
|
| 490 |
1 |
|
|a Staff working paper - Congressional Budget Office
|
| 500 |
|
|
|a Record is based on bibliographic data in LexisNexis U.S. Congressional Research Digital Collection. Reuse except for individual research requires license from LexisNexis.
|
| 504 |
|
|
|a Includes bibliographical references.
|
| 500 |
|
|
|a Electronic resource.
|
| 650 |
|
0 |
|a Agricultural laws and legislation
|z United States.
|
| 655 |
|
7 |
|a Electronic books.
|2 local
|
| 710 |
2 |
|
|a ProQuest (Firm)
|
| 776 |
0 |
8 |
|i Print version:
|a United States. Congressional Budget Office.
|t 1977 farm legislation
|w gp 78022570
|w (OCoLC)03412997
|z 77603655
|
| 776 |
0 |
8 |
|i Microfiche version:
|a United States. Congressional Budget Office.
|t 1977 farm legislation
|d [Bethesda, Md.] : LexisNexis Academic & Library Solutions,1977.
|o CIS 77 J932-57
|w (LexisNexis)cis07701962
|
| 830 |
|
0 |
|a U.S. Congressional Research.
|
| 856 |
4 |
0 |
|u http://proxy.library.tamu.edu/login?url=https://congressional.proquest.com/congcomp/getdoc?CRDC-ID=CMP-1977-CBO-0052
|z Connect to the full text of this electronic book
|t 0
|
| 998 |
|
|
|a cis07701962
|
| 999 |
|
|
|a MARS
|
| 999 |
f |
f |
|s d8f9dfaa-dc25-3fb9-abf2-4bc34e94b2cf
|i 16b4f2a9-a5c5-371b-bbf1-9a3322db2146
|t 0
|
| 952 |
f |
f |
|a Texas A&M University
|b College Station
|c Electronic Resources
|s www_evans
|d Available Online
|t 0
|e CMP-1977-CBO-0052
|h Other scheme
|
| 998 |
f |
f |
|a CMP-1977-CBO-0052
|t 0
|l Available Online
|